Strange Conflict (Record no. 350705)
[ view plain ]
| 000 -LEADER | |
|---|---|
| fixed length control field | 00973cam a22003131a 4500 |
| 001 - CONTROL NUMBER | |
| control field | 7853347 |
| 003 - CONTROL NUMBER IDENTIFIER | |
| control field | OSt |
| 005 - DATE AND TIME OF LATEST TRANSACTION | |
| control field | 20180116183024.0 |
| 008 - FIXED-LENGTH DATA ELEMENTS--GENERAL INFORMATION | |
| fixed length control field | 850131s1941 enk 000 1 eng c |
| 010 ## - LIBRARY OF CONGRESS CONTROL NUMBER | |
| LC control number | a 42001531 |
| 015 ## - NATIONAL BIBLIOGRAPHY NUMBER | |
| National bibliography number | GB69-14456 |
| 020 ## - INTERNATIONAL STANDARD BOOK NUMBER | |
| International Standard Book Number | 009002060X (pbk) |
| 035 ## - SYSTEM CONTROL NUMBER | |
| System control number | (OCoLC)11640716 |
| 040 ## - CATALOGING SOURCE | |
| Original cataloging agency | New York. Public Library |
| Transcribing agency | GEU |
| Modifying agency | TxU |
| -- | Uk |
| -- | DLC |
| 050 00 - LIBRARY OF CONGRESS CALL NUMBER | |
| Classification number | PZ3.W5592 |
| Item number | St |
| Classification number | PR6045.H127 |
| 082 ## - DEWEY DECIMAL CLASSIFICATION NUMBER | |
| Classification number | 813.54 WHE 1941 |
| 100 1# - MAIN ENTRY--PERSONAL NAME | |
| Personal name | Wheatley, Dennis, |
| Dates associated with a name | 1897-1977. |
| 245 10 - TITLE STATEMENT | |
| Title | Strange Conflict |
| Statement of responsibility, etc. | Dennis Wheatley. |
| 260 ## - PUBLICATION, DISTRIBUTION, ETC. | |
| Place of publication, distribution, etc. | London ; |
| -- | Melbourne : |
| Name of publisher, distributor, etc. | Hutchinson, |
| Date of publication, distribution, etc. | [1941] |
| 300 ## - PHYSICAL DESCRIPTION | |
| Extent | viii, 319 p. ; |
| Dimensions | 19 cm. |
| 440 ## - SERIES STATEMENT/ADDED ENTRY--TITLE | |
| Title | Strange Conflict |
| 500 ## - GENERAL NOTE | |
| General note | Map on lining-papers. |
| 500 ## - GENERAL NOTE | |
| General note | Publisher's ads xii, 32 p. at end. |
| 500 ## - GENERAL NOTE | |
| General note | Sequel to: The devil rides out. |
| 510 4# - CITATION/REFERENCES NOTE | |
| Name of source | Reginald, R. Science fiction, |
| Location within source | 15206 |
| 655 #7 - INDEX TERM--GENRE/FORM | |
| Genre/form data or focus term | Science fiction. |
| Source of term | gsafd |
| 906 ## - LOCAL DATA ELEMENT F, LDF (RLIN) | |
| a | 7 |
| b | cbc |
| c | oclcrpl |
| d | u |
| e | ncip |
| f | 19 |
| g | y-gencatlg |
| 942 ## - ADDED ENTRY ELEMENTS (KOHA) | |
| Source of classification or shelving scheme | |
| Koha item type | Book |
| Withdrawn status | Lost status | Source of classification or shelving scheme | Damaged status | Not for loan | Collection code | Permanent Location | Current Location | Shelving location | Date acquired | Total Checkouts | Full call number | Barcode | Date last seen | Date last checked out | Price effective from | Koha item type |
|---|---|---|---|---|---|---|---|---|---|---|---|---|---|---|---|---|
| Central Library (CL) | Central Library (CL) | Fiction | 12/02/2015 | 2 | 813.54 WHE 1941 | NBSD-2271 | 01/02/2026 | 10/20/2025 | 12/02/2015 | Book |
